| 000 | 00644nam a22001937a 4500 | ||
|---|---|---|---|
| 005 | 20240730124824.0 | ||
| 010 | _aENG-141080 | ||
| 020 |
_a9789389811506 _c579.00 |
||
| 035 | _aEN-124612 | ||
| 037 | _bDBAD | ||
| 082 | _a913 | ||
| 245 |
_aGEOGRAPHY Question Bank: _bVinay G.B _cFor Civil Services Preliminary Examination/ |
||
| 260 |
_aChennai _bMcGraw Hill Education (India) Private Limited _c2020 |
||
| 270 |
_a444/1, Sri Ekambara Naicker Industrial Estate, Alapakkam, Porur _bChennai _e600116 |
||
| 300 |
_a378p. _c24cm (pbk) |
||
| 650 |
_aBiography _969102 |
||
| 700 |
_aVinay G.B _910217 |
||
| 942 |
_2ddc _cEN _h913 _mGEO |
||
| 999 |
_c204644 _d204644 |
||